000
002780000a22001330004500
041
0
_a
SPA
082
0
4
_a
AV 0257
110
1
_a
El Colombiano
245
1
0
_a
Periodico : Temas Contemporáneos / EL COLOMBIANO
300
_a
8 Pag
500
_a
Folleto
001
13653
942
_c
BK
999
_c
42609
_d
42609